| 000 | 00812nam a22002057a 4500 | ||
|---|---|---|---|
| 003 | 0 | ||
| 005 | 20250206173719.0 | ||
| 008 | 250206b xxu||||| |||| 00| 0 eng d | ||
| 050 |
_aML 82 _b.C39 2023 |
||
| 100 | _aCayetano, Nicole M. | ||
| 245 |
_aAn online forrum application based on korean pop idol photocards. _cNicole M. Cayetano |
||
| 260 |
_aLas Pinas City _bSouthville International School and Colleges _c2023 |
||
| 300 |
_axi, 108 pages: _bcolored pictures and illustrations; _c28cm. |
||
| 500 | _aBachelor of Science in Information Technology. | ||
| 504 | _aIncludes bibliographical references and appendices. | ||
| 650 | _aDigital platforms — Fan-based communities. | ||
| 650 | _aOnline forums — K-pop fan communities. | ||
| 650 | _aPhotocards (K-pop) — Fan culture. | ||
| 942 |
_2lcc _cTH |
||
| 999 |
_c367152 _d367152 |
||